000 00821nam a2200169 a 4500
001 000030018
005 20200930060001.0
008 110428s1998 dr ad 000 0 spa d
040 _aDO-SdBNP
_bspa
_cBNPHU
082 _axxxx
_bP428
245 0 0 _aPercepción sobre la violencia intrafamiliar en la Región Este /
_cpresentación Gladys Gutiérrez.
260 _aSanto Domingo :
_bSecretaía de Estado de la Mujer :
_bConsejo Interamericano para el Desarrollo Integral de la Organización de Estados Américanos,
_c1998.
300 _a24 p. :
_bil., diagrs. ;
_c27 cm.
500 _aSíntesis del diagnóstico efectuado durante los meses de septiembre, octubre y noviembre de 1998, en el marco del Programa Integrado para el Desarrollo de la Mujer de la Región Este
700 1 _aGutiérrez, Gladys
_956736
049 _aBNPD
999 _c29510
_d29510